| 000 | 00509nam a22001577a 4500 | ||
|---|---|---|---|
| 008 | 150218b xxu||||| |||| 00| 0 eng d | ||
| 020 | _a0049310054 | ||
| 050 | _aQ127.C5 N49 | ||
| 100 |
_aNeedhan, Joseph _915218 |
||
| 245 |
_aThe Grand Titration: _bscience and society in east and west _cJoseph Needham |
||
| 260 |
_aLondon _bGeorge Allen and Unwin LTD. _c1969 |
||
| 300 |
_a350p. ; _c23cm. |
||
| 650 |
_aScience and civilization _92023 |
||
| 650 |
_aScience _xHistory _zChina _915219 |
||
| 942 |
_2lcc _cMONOGRAPH |
||
| 999 |
_c122076 _d122076 |
||